|
|
|
|
| LEADER |
00963 a2200157 4500 |
| 999 |
|
|
|c 91037
|d 91037
|
| 020 |
|
|
|a 9788176388870
|
| 082 |
|
|
|a M 305.794 827 054 83
|b 32Q1
|
| 100 |
|
|
|a Dhanalakshmi K(ധനലക്ഷ്മി കെ).
|9 51811
|
| 245 |
|
|
|a Chitturile Thelunkarude bhaasha(ചിറ്റൂരിലെ തെലുങ്കരുടെ ഭാഷ):
|b samoohika bhaashaasaasthradrishtiyiloode(സാമൂഹിക ഭാഷാശാസ്ത്രദൃഷ്ടിയിലൂടെ)/
|c Dhanalakshmi K(ധനലക്ഷ്മി കെ).
|
| 260 |
|
|
|a Thiruvananthapuram:
|b Kerala Bhasha Institute,
|c 2011.
|
| 300 |
|
|
|a 247 p.
|
| 650 |
|
|
|a Linguistic minorities-Kerala-Social conditions.
|9 51812
|
| 650 |
|
|
|a Telugu speaking people-Kerala.
|9 51813
|
| 942 |
|
|
|c BK
|
| 952 |
|
|
|0 0
|1 0
|4 0
|6 M_305_794000000000000_827_054_83_32Q1
|7 0
|8 MAL
|9 83647
|a MGUL
|b MGUL
|c GEN
|d 2016-04-11
|e Penta Books Bill No 510 dated 21.01.2016
|g 105.00
|l 0
|o M 305.794 827 054 83 32Q1
|p 54911
|r 2016-09-05
|y BK
|